00843nam a2200253Ia 450000500170000000800270001702000180004410000170006224500670007925000170014630000490016349000230021265000450023565000450028065000290032565000390035470000310039326400310042433600270045533700330048233800280051504000350054308400110057820220317000355.0141031s9999 ck 000 0 spa d a97860777812881 aKuper, Peter14aTeo y la nota azul cPeter Kuper ; traducción Eduardo Rabasa a1a edición a32 páginasbilustraciones en colorc23 cm. aSexto piso niños142LEMBaLiteratura infantil estadounidense142LEMBaCuentos infantiles estadounidenses142LEMBaNotación musical142LEMBaMúsicavCuentos infantiles1 aRabasa, Eduardoetraductor aMéxicobSexto pisoc2012 atextobtxt2rdacontent asin mediaciónbn2rdamedia avolumenbnc2rdacarrier aCO-BoRNBPbspaerdacCO-BoRNBP aC KUP1